000 00702cam a2200205 a 4500
001 000004869
005 20200929151525.0
008 731001s1969 ve 000 | spa
040 _aDO-SdBNP
_bspa
_cBNPHU
041 1 7 _aeng
_hspa
082 _axxx
_bB396e
100 1 _aBeckett, Samuel,
_d1906-1989.
_914102
240 1 0 _aEh Joe and other writings
_lEspañol
245 1 0 _aEh Joe y otros escritos /
_cSamuel Beckett; traducción de Raquel Bengolea.
260 _aCaracas :
_bMonte Avila,
_c1969.
300 _a103 p. ;
_c20 cm.
505 0 _aEh Joe.--Act without words II.--Film.
534 _aTítulo de los originales en ingles :
_tEh Joe and other writings
700 1 _aBengolea, Raquel,
_etr.
_914103
999 _c4675
_d4675